| 000 | 01258nam a22003857a 4500 | ||
|---|---|---|---|
| 001 | 000013795 | ||
| 003 | CHAP | ||
| 005 | 20220817041359.0 | ||
| 008 | 971013s1974 r 00010 d | ||
| 010 | _a12758 | ||
| 011 | _a13730 | ||
| 035 | _a17802 | ||
| 040 | _cCHAP | ||
| 082 |
_a519.4 _bG56 |
||
| 100 | 0 | 0 |
_aGlowinski, R. _eed. _948327 |
| 245 | 0 | _aComputing methods in applied sciences and engineering. | |
| 260 |
_aNew York : _bSpringer-Verlag, _c1974. |
||
| 300 |
_a2 v. : _b: ilus. |
||
| 490 |
_aSpringer-Verlag. Lecture notes in computer science _v; 10-11 |
||
| 590 |
_aBATCH-UPD _b10 _c20130110 _lUCH01 _h1706 |
||
| 590 |
_aBATCH-UPD _b10 _c20130410 _lUCH01 _h1052 |
||
| 590 |
_aBATCH-UPD _b10 _c20130914 _lUCH01 _h0349 |
||
| 590 |
_aCONVERSION _b10 _c20130109 _lUCH01 _h1308 |
||
| 590 |
_aE11695DGD _b10 _c20150604 _lUCH01 _h1037 |
||
| 590 |
_aE5765TAJ _b05 _c20150602 _lUCH01 _h1341 |
||
| 590 |
_aE5765TAJ _b05 _c20150602 _lUCH01 _h1343 |
||
| 590 |
_aE5765TAJ _b05 _c20150602 _lUCH01 _h1344 |
||
| 650 | 1 | 4 |
_aAnalisis matematico. _95988 |
| 650 | 1 | 4 |
_aAnálisis numérico. _95991 |
| 650 | 1 | 4 |
_aEstructuras, teoría de las. _938487 |
| 830 | 0 |
_aSpringer Verlag. Lecture notes in computer science _v; 10-11 |
|
| 901 | _aBK | ||
| 942 | _cLIBRO | ||
| 942 | _n0 | ||
| 999 |
_c12758 _d12758 |
||